Ruined By A Letter: Musicals Quiz Stats

 Plays Quiz Updated Oct 4, 2017

Support Sporcle.
Go Orange.
Score 0/26 Timer 04:00
12 Plays Today
% Correct
W
92.4%
G
92.3%
S
92.3%
D
91.8%
I
91.3%
F
91.3%
O
89%
L
88.4%
C
88.3%
B
88.2%
A
86.8%
Z
86.7%
R
85.7%
% Correct
Y
85.5%
K
85.2%
P
84.7%
J
84.5%
V
84%
U
83.9%
N
83.7%
Q
76.8%
T
74.7%
H
70.8%
X
70.1%
E
62.4%
M
56.4%

From the Vault

Hall of Fame - Rock and Roll or Baseball?

by caramba

It would be really awesome if someone ever makes the hall of fame for both.
Remove Ads.
Support Sporcle.
Get the best of Sporcle when you Go Orange. This ad-free experience offers more features, more stats, and more fun while also helping to support Sporcle. Thank you for becoming a member.

Show Comments

Extras

Top Quizzes Today


Score Distribution

Your Account Isn't Verified!

In order to create a playlist on Sporcle, you need to verify the email address you used during registration. Go to your Sporcle Settings to finish the process.

Report this User

Report this user for behavior that violates our Community Guidelines.

Details: